| 000 | 01442cam a22003614a 4500 | ||
|---|---|---|---|
| 001 | 13737738 | ||
| 003 | SISC | ||
| 005 | 20160331130855.0 | ||
| 008 | 041001s2005 caua b 001 0 eng | ||
| 010 | _a 2004023095 | ||
| 020 | _a1412906512 (cloth) | ||
| 020 | _a1412906520 (pbk.) | ||
| 040 |
_aDLC _cDLC _dDLC |
||
| 042 | _apcc | ||
| 050 | 0 | 0 |
_aLB 1731 _b.Sp683 2005 |
| 082 | 0 | 0 |
_aHS 370.71 _bSp3 2005 |
| 100 | 1 |
_aSpeck, Marsha. _912284 |
|
| 245 | 1 | 0 |
_aWhy can't we get it right? : _bdesigning high-quality professional development for standards-based schools / _cMarsha Speck. |
| 250 | _a2nd ed. | ||
| 260 |
_aThousand Oaks, Calif. : _bCorwin Press, _cc2005. |
||
| 300 |
_a161 p. : _bill. ; _c26 cm. |
||
| 500 | _aIncludes bibliographical references (p. 151-154) and index. | ||
| 650 | 0 |
_aTeachers _xIn-service training. _912285 |
|
| 650 | 0 |
_aTeachers _xTraining of. _912286 |
|
| 700 | 1 |
_aKnipe, Caroll. _912287 |
|
| 856 | 4 | 1 |
_3Table of contents only _uhttp://www.loc.gov/catdir/toc/ecip051/2004023095.html |
| 856 | 4 | 2 |
_3Publisher description _uhttp://www.loc.gov/catdir/enhancements/fy0658/2004023095-d.html |
| 856 | 4 | 2 |
_3Contributor biographical information _uhttp://www.loc.gov/catdir/enhancements/fy0734/2004023095-b.html |
| 906 |
_a7 _bcbc _corignew _d1 _eecip _f20 _gy-gencatlg |
||
| 942 |
_2lcc _cBK |
||
| 999 |
_c9054 _d9054 |
||